<?xml version="1.0" encoding="UTF-8"?>
<marc:record xmlns:marc="http://www.loc.gov/MARC21/slim">
   <marc:leader>00000nam a2200000 a 4500</marc:leader>
   <marc:datafield ind1="1" ind2=" " tag="100">
      <marc:subfield code="a">Pilsan, Aaron</marc:subfield>
   </marc:datafield>
   <marc:datafield ind1="0" ind2="0" tag="245">
      <marc:subfield code="a">Rising stars</marc:subfield>
   </marc:datafield>
   <marc:datafield ind1="0" ind2="0" tag="245">
      <marc:subfield code="b">die Stars von morgen ; [Konzertreihe der European Concert Hall Organisation]</marc:subfield>
   </marc:datafield>
   <marc:datafield ind1=" " ind2="1" tag="264">
      <marc:subfield code="a">[Euskirchen]</marc:subfield>
      <marc:subfield code="b">[Nitschke]</marc:subfield>
      <marc:subfield code="c">2014</marc:subfield>
   </marc:datafield>
   <marc:datafield ind1="1" ind2=" " tag="490">
      <marc:subfield code="a">Fono-Forum</marc:subfield>
      <marc:subfield code="v">2014,Oktober,CD-Beil.</marc:subfield>
   </marc:datafield>
   <marc:datafield ind1=" " ind2=" " tag="500">
      <marc:subfield code="a">Interpr.: Aaron Pilsan, Klavier. Omo Bello, Sopran. Quatuor Ardeo. Ashley Fripp, Klavier. Michael Petrov, Violoncello. Matosinhos String Quartet. Signum Saxophone Quartet. Mike Fletcher, Saxfon, Flöte. Different Trane</marc:subfield>
   </marc:datafield>
   <marc:datafield ind1="0" ind2=" " tag="490">
      <marc:subfield code="v">0</marc:subfield>
   </marc:datafield>
   <marc:datafield ind1=" " ind2=" " tag="542">
      <marc:subfield code="d">Quatuor Ardeo</marc:subfield>
   </marc:datafield>
   <marc:datafield ind1=" " ind2=" " tag="300">
      <marc:subfield code="a">1 CD in Kartonschuber (Gesamtspieldauer: 48:01)</marc:subfield>
   </marc:datafield>
</marc:record>
